000 00454nab a2200145Ia 4500
003 ES-SlBCS
005 20210601142647.0
008 140529s2008 xxu||||| |||| 00| 0 spa d
041 _aspa
100 1 _aCastells, Pere
_9123297
245 0 0 _aConfituras y mermeladas
_c Pere Castells
650 0 4 _aConfituras-Mermeladas
_9275083
773 0 _tInvestigacion y Ciencia (Traducción de: Scientific American)
_gnº. 386, 2008, págs. 39
_wRev1650
942 _cAR
999 _c680146
_d680146